00616nam a2200169 a 450000100100000000500170001000800410002704000250006808200150009310000320010824500860014026000350022630000270026159000280028895201130031699900170042900004830220201002061046.0181214s2014 dr a r 000 spa d aDO-SdBNPbspacBNPHU axxxbF316c aFéliz, Rafael Nino97504110aCanto a Loma Miranda :bla insurrección de la esperanza /cRafael Nino Féliz. aSanto Domingo :bGente,c2014. a31 p. :bil. ;c23 cm. aInventariado, 2019 / DG 0010718PDaPDbPDcHDd2018-12-14iLF1l0oxxx F316cp48302-10r2020-06-25w2020-06-25yLFPDZNo se presta c47790d47790